| 000 | 00654cab a2200229 4500 | ||
|---|---|---|---|
| 001 | WB2842-16 | ||
| 008 | 090401t1992 xxu||||| |||| 00| 0 eng d | ||
| 035 | _a(Sirsi) u49182 | ||
| 041 | _aeng | ||
| 245 | _aNew act on the fringe circuit | ||
| 260 | _c1992 | ||
| 350 | _a0 | ||
| 490 |
_aFinancial Times _v30 October 1992, 15(1) |
||
| 520 | _aApplied Property Research (APR) analyses development opportunites in the city fringe areas of London. | ||
| 650 | _aCITY FRINGE | ||
| 650 | _aDERELICT LAND | ||
| 650 | _aDEVELOPMENT SITES | ||
| 650 |
_aLand use _96251 |
||
| 690 | _aPROPERTY-PROPERTY DEVELOPMENT | ||
| 942 | _n0 | ||
| 948 | _c04/03/1997 | ||
| 999 |
_c30788 _d30788 |
||